Normal view
MARC view
- FLUID MECHANICS DICTIONARIE FLOWS-SOLIDS AND GAS-SOLIDS
Entry Topical Term
001 - CONTROL NUMBER
- control field: 78368
003 - CONTROL NUMBER IDENTIFIER
- control field: NUST
005 - DATE AND TIME OF LATEST TRANSACTION
- control field: 20210628210152.0
008 - FIXED-LENGTH DATA ELEMENTS
- fixed length control field: 210628|| aca||aabn | a|a d
040 ## - CATALOGING SOURCE
- Original cataloging agency: NUST
- Transcribing agency: NUST
150 ## - HEADING--TOPICAL TERM
- Topical term or geographic name entry element: FLUID MECHANICS DICTIONARIE FLOWS-SOLIDS AND GAS-SOLIDS
670 ## - SOURCE DATA FOUND
- Source citation: Work cat.: (NUST): Cheremisinoff, Nicholas. 78367, Encyclopedia of fluid mechanics solids and gas-solids flows, 1999
